Antología de poesía cuencana vanguardistas /

Detalles Bibliográficos
Otros Autores: Vintimilla, María Augusta (Editor)
Formato: Electrónico eBook
Lenguaje:español
Publicado: Cuenca, Ecuador : Universidad del Azuay, Casa Editora, [2023]
Colección:Antologías de poesía y fotografía cuencana.
Materias:
Acceso en línea:Digitalia Hispánica

MARC

LEADER 00000nam a2200000Ii 4500
001 DIGUAZUAY0222
003 NyNyDIG
006 m o d
007 cr |||||||||||
008 250103s2023 ec ob 000 p spa d
035 |a (OCoLC)1491106898 
040 |a DGITA  |b eng  |e rda  |e pn  |c DGITA 
020 |a 9789942618672  |q eBook 
020 |z 9789942618665 
043 |a s-ec--- 
050 1 4 |a PQ8218.C8 ebook 
245 0 0 |a Antología de poesía cuencana vanguardistas /  |c estudio y selección de María Agusta Vintimilla. 
264 1 |a Cuenca, Ecuador :  |b Universidad del Azuay, Casa Editora,  |c [2023] 
300 |a 1 online resource. 
336 |a text  |b txt  |2 rdacontent 
337 |a computer  |b c  |2 rdamedia 
338 |a online resource  |b cr  |2 rdacarrier 
347 |a text file  |2 rdaft 
347 |b PDF 
490 1 |a Antologías de poesía y fotografía cuencana 
504 |a Includes bibliographical references. 
588 0 |a Online resource; title from PDF title page (Digitalia, viewed January 3, 2025) 
650 0 |a Ecuadorian poetry  |z Ecuador  |z Cuenca  |x History and criticism.  
655 7 |a Poetry.  |2 lcgft 
700 1 |a Vintimilla, María Augusta,  |e editor. 
791 2 |a Digitalia (Firm),  |e distributor. 
793 0 |g Digitalia eBook Collection:  |a Universidad del Azuay 
776 0 8 |i Print version:  |t Antología de poesía cuencana vanguardistas.  |d Cuenca, Ecuador : Universidad del Azuay, Casa Editora, [2023]  |z 9789942618665 
830 0 |a Antologías de poesía y fotografía cuencana. 
856 4 0 |3 Digitalia Hispánica  |u https://www.digitaliapublishing.com/a/134011/ 
910 |a Premium collection: 2025